logo

Bir Sreshtho Munshi Abdur Rouf Library
Jhenaidah Cadet College

Development and exploitation of oil and gas fields / (Record no. 9622)

MARC details
000 -LEADER
fixed length control field 00887cam a22002651 4500
001 - CONTROL NUMBER
JCCL Control Number 9622
003 - CONTROL NUMBER IDENTIFIER
JCCL marc code BD-JhCC
005 - DATE AND TIME OF LATEST TRANSACTION
control field 20180321112140.0
008 - FIXED-LENGTH DATA ELEMENTS--GENERAL INFORMATION
fixed length control field 180320s1965 rusa b 000 0 eng
035 ## - SYSTEM CONTROL NUMBER
system control number (OCoLC)1710198
-- (BD-JhCC)9622
040 ## - CATALOGING SOURCE
Original cataloging agency DLC
Transcribing agency FMU
Modifying agency WaU
-- OCoLC
-- DLC
-- BD-JhCC
041 1# - LANGUAGE CODE
Language code of Book eng
Language code of original and/or intermediate translations of text rus
050 00 - LIBRARY OF CONGRESS CALL NUMBER
Classification number TN870
Item number .M9853
082 ## - DEWEY DECIMAL CLASSIFICATION NUMBER
Author mark and Year MUR 1965
Classification number 622.338
100 1# - MAIN ENTRY--PERSONAL NAME
Personal name Muravʹev, I. M.
Fuller form of name (Ivan Mikhaĭlovich),
Dates associated with a name 1899-
245 10 - TITLE STATEMENT
Title Development and exploitation of oil and gas fields /
Statement of responsibility, etc I. Muravyov [and others] Translated from the Russian; translation editor: Alexander Gurevich.
260 ## - PUBLICATION, DISTRIBUTION, ETC. (IMPRINT)
Place of publication, distribution, etc Moscow :
Name of publisher, distributor, etc Peace publishers,
Date of publication, distribution, etc 1965.
300 ## - PHYSICAL DESCRIPTION
Pagination 503 p.
Other physical details illus.
Dimensions 23 cm.
504 ## - BIBLIOGRAPHY, ETC. NOTE
Bibliography, etc Bibliography: p. [491]-494.
650 #0 - SUBJECT ADDED ENTRY--TOPICAL TERM
Topical term or geographic name as entry element Oil reservoir engineering.
650 #0 - SUBJECT ADDED ENTRY--TOPICAL TERM
Topical term or geographic name as entry element Oil fields
General subdivision Production methods.
650 #0 - SUBJECT ADDED ENTRY--TOPICAL TERM
Topical term or geographic name as entry element Natural gas.
942 ## - ADDED ENTRY ELEMENTS (KOHA)
Source of classification or shelving scheme Dewey Decimal Classification
Koha item type Books
Holdings
Source of classification or shelving scheme Damaged status Not for loan Home library Current library Shelving location Total Checkouts Full call number Barcode Date last seen Copy number Koha item type
Dewey Decimal Classification     JCC Rouf Library JCC Rouf Library General Stacks   622.338 MUR 1965 12797 03/20/2018 C - 1 Books

JCC Library | Contacts | JCC Home

Last Update on 23 September 2017
Copyright @ 2017-2020 JCC Rouf Library
Rouf Library, Jhenidah Cadet College (JCC), Bangladesh